00608nam a2200193Ia 450000500170000000800410001702000150005805000260007310000220009924500430012126000350016430000420019944000130024152100070025452600080026194200120026999900170028195201160029820140311163142.0140130s9999 xx 000 0 und d a0717285952 aBF 723.C57b.B46 2005 aBerry, Joy931353 cBerry, JoyaA book about complaining / bScholastic,c2005.aNew York : a1 v. (unpaged) :bcol. ill. ;c19 cm. v1931174 aG1 c220 cBK2lcc c41961d41961 00102lcc40aMUbMUcSCHOd2014-01-30l0oBF 723.C57 .B46 2005pMS2031r2014-01-30 00:00:00t1w2014-01-30yBK